000 00348nam a2200145Ia 4500
008 230312s9999||||xx |||||||||||||| ||und||
020 _a3-7643-7098-x
082 _a720.19
_bCAR-C
100 _aCarmen Perrin
245 0 _aCarmen Perrin contexts
260 _bDie deutsche
_aGeneva
_c2004
300 _a192
650 _aArchitecture
942 _cBK
999 _c11817
_d11817